000 01045cam a2200325 a 4500
001 16856123
003 OSt
005 20210219154051.0
008 110629s2012 enka b 001 0 eng
020 _a9780131976535
035 _a(DNLM)101563769
040 _aDNLM/DLC
_cDLC
_dDLC
_dPHNSL
042 _apcc
050 0 0 _aRT41
_b.F8813 2012c
060 1 0 _aWY 100
082 0 0 _a610.73
_223
245 0 0 _aFundamentals of nursing :
_bconcepts, process and practice /
_cBarbara Kozier ... [et al.].
260 _aHarlow, England ;
_bPearson,
_c2008.
300 _axix, 787 p. :
_bcol. ill. ;
_c28 cm.
504 _aIncludes bibliographical references and index.
650 0 _aNursing.
650 1 2 _aNursing Process.
650 2 2 _aNursing Care.
650 2 2 _aNursing Theory.
700 1 _aKozier, Barbara.
730 0 _aKozier & Erb's fundamentals of nursing / Audrey Berman ... [et al.].
906 _a7
_bcbc
_corignew
_d1
_eecip
_f20
_gy-gencatlg
942 _2lcc
_cBK
999 _c465
_d465